LEADER 01045nam a2200253 i 4500 001 000000084739 003 CaOOAMICUS 005 20030915000000.0 008 030915s1973 it u000 u ita u 013 $a56979 040 $aSeMil$bita 100 1 $aBosquet, Michel.$0(OLS)http://semarc/name/39440 240 10$aCritique du capitalisme quotidien.$0(OLS)http://semarc/title/131379 245 10$aCritica al capitalismo di ogni giorno /$cMichel Bosquet. 260 $aMilano :$bJaca Book,$c1973. 300 $a240 p. ;$c19 cm. 490 0 $aDi fronte e attraverso. Pocket ;$v26 650 4$aCapitalismo - Storia.$0(OLS)http://semarc/subject/6805 830 0$aDi fronte e attraverso. Pocket ;$v26.$0(OLS)http://semarc/title/14295 850 $aSeMil 852 $aSeMil$W1$xVenegono$y1$m3M I 255$j48935$B48935$CSeMilBibl$Z2$F52338 $81 961 $aRecupero: Seminario di Seveso 996 $6245$aCritica al capitalismo di ogni giorno$9(OLS)http://semarc/title/131378 996 $6260$aMilano :$bJaca Book$9(OLS)http://semarc/publisher/29781 LEADER 00797nam a2200205 i 4500 001 000000247212 003 CaOOAMICUS 005 20260220155146.0 008 151222s2015 it u000 u ita u 040 $aSeMil$bita 245 10$aJ-Z. 300 $a877 p., LXXX p. di tav. :$bill. 773 0 $tNona appendice.$dRoma : Istituto della Enciclopedia Italiana, 2015-2018.$z978-88-12-00557-4$g2$w()15265 850 $aSeMil 852 $aSeMil$W1$xVenegono$y1$m1AA VI 6/2$j267466$B257333$CSeMilBibl$Z2$F257333 $8I 852 $aSeMil$W1$xVenegono$y1$mSL1.K IV 8/2$j267467$B257334$CSeMilBibl$Z2$F257334 $8I 961 $aAcquisto: Treccani, Istituto della Enciclopedia Italiana 961 $aBucca Anna Maria - Omaggio 996 $6245$aJ-Z$9(OLS)http://semarc/title/141753